000 00302nam a22001337a 4500
008 170303b xxu||||| |||| 00| 0 eng d
020 _a9780801846748
041 _aeng
080 _22ND
_a575
100 _a6
101 _aSHM
245 _aGENETICS AND MOLECULAR BIOLOGY
_cSCHLEIF, R
942 _2udc
_cBK
999 _c6722
_d6722